书目信息 |
| 题名: |
中国优秀报告文学选评
|
|
| 作者: | ;复旦大学中文系写作教研室 编 | |
| 分册: | 上 | |
| 出版信息: | 上海 复旦大学出版社 1982 |
|
| 页数: | 339页 | |
| 开本: | 19cm | |
| 丛书名: | ||
| 单 册: | ||
| 中图分类: | I25 , I207.5 | |
| 科图分类: | ||
| 主题词: | 报告文学--中国--现代--选集 , 文学--中国 | |
| 电子资源: | ||
| ISBN: | ||
| 000 | 00798nam0 2200265 45 | |
| 001 | 0182009094 | |
| 005 | 20061114161432.71 | |
| 010 | @dCNY1.85 | |
| 091 | @a10253.0023 | |
| 100 | @a19950612d1982 kmey0chiy0121 ea | |
| 101 | 0 | @achi |
| 102 | @aCN@b310000 | |
| 105 | @ay r 000zy | |
| 106 | @ar | |
| 200 | 10 | @a中国优秀报告文学选评@Azhong guo you xiu bao gao wen xue xuan ping@h上@f复旦大学中文系文学写作教研室编 |
| 210 | @a上海@c复旦大学出版社@d1982 | |
| 215 | @a339页@d19cm | |
| 606 | @a报告文学@y中国@z现代@x选集 | |
| 606 | 0 | @a文学@x中国 |
| 690 | @aI25@v3 | |
| 690 | @aI207.5@v3 | |
| 711 | 02 | @a复旦大学中文系写作教研室@Afu dan da xue zhong wen xi xie zuo jiao yan shi@4编 |
| 801 | 0 | @aCN@b上海图书馆@c20061114 |
| 801 | 2 | @aCN@bNLC@c20040418 |
| 905 | @f2@b74813-814@dI207.5@e74:1 | |
| 中国优秀报告文学选评.上/复旦大学中文系文学写作教研室编.-上海:复旦大学出版社,1982 |
| 339页;19cm |
| ISBN :CNY1.85 |
| ● |
| 相关链接 |
|
|
|
|
正题名:中国优秀报告文学选评
索取号:I207.5/74:1
 
预约/预借
| 序号 | 登录号 | 条形码 | 馆藏地/架位号 | 状态 | 备注 |
| 1 | 0074813 | 000545958 | 密集书库/ [索取号:I207.5/74:1] | 在馆 | |
| 2 | 0074814 | 000545949 | 第二借阅区/ [索取号:I207.5/74:1] | 在馆 |